000 00525nam a2200181Ia 4500
005 20250326141201.0
008 250326s9999 xx 000 0 und d
037 _aTextbook
040 _aFMSL
_beng
_cFMSL
041 _aeng
_2eng
084 _aX:51:f N4
_qFMSL
100 _aHawkins D I
_9743889
245 0 _aEssential of marketing research
_cHawkins D I; Tull D S
260 _aNew York
_bNew York, Macmillan Publishing Co.
_c1994
300 _a589p
942 _cTB
_hX:51:f N4
999 _c1289108
_d1289108